| 000 | 00977cab a2200241 4500 | ||
|---|---|---|---|
| 001 | WB3317-34 | ||
| 008 | 090401t1997 xxu||||| |||| 00| 0 eng d | ||
| 035 | _a(Sirsi) u78112 | ||
| 041 | _aeng | ||
| 245 | _aBreach of warranty | ||
| 260 | _c1997 | ||
| 350 | _a0 | ||
| 490 |
_aEstates Gazette _v(1997) EGCS 54(1) |
||
| 520 | _a"Penn v Bristol & West Building Society and others" CA 16 April 1997. A married couple involved in mortgage fraud affecting owned house. Husband vendor forged wife`s signature. Solicitor believed he was acting for joint owners. Solicitor for mortgagee was also deceived. Mortgagee claimed breach by husband`s solicitor for implied warranty of authority. Appeal dismissed. | ||
| 650 | _aBREACH OF WARRANTY | ||
| 650 | _aMORTGAGE FRAUD | ||
| 650 | _aPENN V BRISTOL AND WEST BUILDING SOCIETY | ||
| 650 | _aSOLICITORS | ||
| 650 | _aVENDOR AND PURCHASER | ||
| 690 | _aPROPERTY LAW AND PRACTICE-CASE LAW | ||
| 942 | _n0 | ||
| 948 | _c01/05/1997 | ||
| 999 |
_c49150 _d49150 |
||